000 00409nam a2200145 i 4500
001 bg
100 1 _aJANICZEK, Stefan
245 0 _aĆwiczenia laboratoryjne z elektrycznych urządzeń przemysłowych /
_cStefan Janiczek, Józef Szumański.
260 _aCzęstochowa,
_c1981.
700 1 _aSZUMAŃSKI, Józef
040 _cBPK
041 _apol
942 _cKS
008 s pl f |000 0 pol
999 _c20433
_d20433
856 _uhttp://koha.tu.koszalin.pl/cgi-bin/koha/opac-detail.pl?biblionumber=20433
_yKatalog online BPK